| 000 | 00607nam a2200229Ia 4500 | ||
|---|---|---|---|
| 003 | OSt | ||
| 005 | 20221006163902.0 | ||
| 006 | a|||||r|||| 00| 0 | ||
| 007 | ta | ||
| 008 | 221006b |||||||| |||| 00| 0 hin d | ||
| 024 | _a5,813 | ||
| 037 | _cTextual | ||
| 040 |
_aFML _cFML _bhin |
||
| 041 |
_2hin _ahin |
||
| 082 | _aQ131:24:g, 152K6 | ||
| 100 |
_aSharma Shriram Ed. _9676093 |
||
| 245 | 0 | _aChandogyopanishad | |
| 260 |
_aGorakhpur _bGita Press India _c1966 |
||
| 300 |
_a968 _ccm. |
||
| 942 |
_hQ131:24:g, 152K6 _cTEXL _2CC |
||
| 999 |
_c1115617 _d1115617 |
||